| Tag |
First Indicator |
Second Indicator |
Subfields |
| LEADER |
00000cam a2200000 a 4500 |
| 001 |
in00000020389 |
| 005 |
20151007053914.0 |
| 008 |
870424s1988 enkb b 00110 eng |
| 010 |
|
|
|a 87013174
|
| 020 |
|
|
|a 0521333571
|
| 035 |
|
|
|a (OCoLC)15652399
|
| 035 |
|
|
|9 AAB3275AM
|
| 040 |
|
|
|a DLC
|c DLC
|d TXA
|d UtOrBLW
|
| 043 |
|
|
|a e-gr---
|
| 049 |
|
|
|a TXAM
|c [A11468462]
|
| 050 |
0 |
0 |
|a JC79.A8
|b S56 1988
|
| 082 |
0 |
|
|a 320.938/5
|2 19
|
| 100 |
1 |
|
|a Sinclair, R. K.
|
| 245 |
1 |
0 |
|a Democracy and participation in Athens /
|c R.K. Sinclair.
|
| 264 |
|
1 |
|a Cambridge [Cambridgeshire] ;
|a New York :
|b Cambridge University Press,
|c 1988.
|
| 300 |
|
|
|a xv, 253 pages :
|b maps ;
|c 24 cm.
|
| 336 |
|
|
|a text
|b txt
|2 rdacontent
|
| 337 |
|
|
|a unmediated
|b n
|2 rdamedia
|
| 338 |
|
|
|a volume
|b nc
|2 rdacarrier
|
| 504 |
|
|
|a Bibliography: pages 230-241.
|
| 500 |
|
|
|a Includes index.
|
| 651 |
|
0 |
|a Athens (Greece)
|x Politics and government.
|
| 650 |
|
0 |
|a Political participation
|z Greece
|z Athens.
|
| 999 |
|
|
|a MARS
|
| 999 |
f |
f |
|s 64e3aa23-da19-3eea-8afe-3c610b80158e
|i 82c17f44-f780-31e3-bccb-b561f41003e0
|t 0
|
| 952 |
f |
f |
|p ric
|a Texas A&M University
|b Rellis Campus
|c Joint Library Facility
|d Remote Storage
|t 0
|e JC79.A8 S56 1988
|h Library of Congress classification
|i unmediated -- volume
|m A14811468462
|
| 998 |
f |
f |
|a JC79.A8 S56 1988
|t 0
|l Remote Storage
|